The 2012 Olympics (Record no. 105638)

MARC details
000 -LEADER
fixed length control field 01210cam a2200229 4500
001 - CONTROL NUMBER
control field ##L134290
008 - FIXED-LENGTH DATA ELEMENTS--GENERAL INFORMATION
fixed length control field 060724n2006 000 0 eng u
035 ## - SYSTEM CONTROL NUMBER
System control number (Sirsi) u134290
041 0# - LANGUAGE CODE
Language code of text/sound track or separate title eng
050 04 - LIBRARY OF CONGRESS CALL NUMBER
Classification number 711.558 $2 18
110 2# - MAIN ENTRY--CORPORATE NAME
Corporate name or jurisdiction name as entry element EC Harris
9 (RLIN) 4930
245 04 - TITLE STATEMENT
Title The 2012 Olympics
Remainder of title time to pick up the pace?
260 ## - PUBLICATION, DISTRIBUTION, ETC.
Place of publication, distribution, etc. London
Name of publisher, distributor, etc. EC Harris
Date of publication, distribution, etc. 2006
505 2# - FORMATTED CONTENTS NOTE
Formatted contents note Progress to date -- Cost -- Labour and materials -- Effect on construction prices -- Delivering the legacy -- Down at the Village -- The finishing line
520 ## - SUMMARY, ETC.
Summary, etc. Looks at progress on the 2012 Olympic Games project a year after London was announced as the host city. Outlines the function of the Olympic Delivery Authority, which is now at almost full operating complement. Discusses how the industry is tackling the hurdles inherent in cost, labour and materials - cost escalation is the biggest single risk - and the importance of designing for legacy use. Graphs.
590 ## - LOCAL NOTE (RLIN)
Local note IKA010806
650 24 - SUBJECT ADDED ENTRY--TOPICAL TERM
Topical term or geographic name entry element OLYMPIC GAMES 2012
651 #4 - SUBJECT ADDED ENTRY--GEOGRAPHIC NAME
Geographic name LONDON
690 ## - LOCAL SUBJECT ADDED ENTRY--TOPICAL TERM (OCLC, RLIN)
Topical term or geographic name as entry element PROPERTY-COMMERCIAL PROPERTY-LEISURE PROPERTY-SPORTS PROPERTY
856 40 - ELECTRONIC LOCATION AND ACCESS
Uniform Resource Identifier <a href="https://www.echarris.com/">https://www.echarris.com/</a>
Public note View the item free of charge at www.echarris.com...
942 ## - ADDED ENTRY ELEMENTS (KOHA)
Suppress in OPAC 0
Holdings
Withdrawn status Lost status Source of classification or shelving scheme Damaged status Not for loan Home library Current library Shelving location Date acquired Total Checkouts Full call number Barcode Date last seen Copy number Price effective from Koha item type
    Dewey Decimal Classification     Virtual Virtual Online 24/07/2006   ONLINE PUBLICATION 134290-1001 06/08/2019 1 06/08/2019 Book